<?xml version="1.0" encoding="UTF-8"?>
<record
    xmlns:xsi="http://www.w3.org/2001/XMLSchema-instance"
    xsi:schemaLocation="http://www.loc.gov/MARC21/slim http://www.loc.gov/standards/marcxml/schema/MARC21slim.xsd"
    xmlns="http://www.loc.gov/MARC21/slim">

  <leader>01184nam a2200277 a 4500</leader>
  <controlfield tag="001">42505</controlfield>
  <controlfield tag="003">BD-RjUL</controlfield>
  <controlfield tag="005">20211209053542.0</controlfield>
  <controlfield tag="008">160613s1934    xx a     b    000 0 eng  </controlfield>
  <datafield tag="035" ind1=" " ind2=" ">
    <subfield code="a">(BD-RjUL)42623</subfield>
  </datafield>
  <datafield tag="040" ind1=" " ind2=" ">
    <subfield code="a">DLC</subfield>
    <subfield code="c">OC</subfield>
    <subfield code="d">DLC</subfield>
    <subfield code="d">BD-RjUL</subfield>
    <subfield code="b">eng</subfield>
  </datafield>
  <datafield tag="041" ind1=" " ind2=" ">
    <subfield code="a">eng</subfield>
  </datafield>
  <datafield tag="082" ind1=" " ind2=" ">
    <subfield code="a">625.7</subfield>
    <subfield code="2">23</subfield>
    <subfield code="b">OWS 1934</subfield>
  </datafield>
  <datafield tag="100" ind1="1" ind2=" ">
    <subfield code="a">Owen, Wilfred</subfield>
    <subfield code="9">130729</subfield>
  </datafield>
  <datafield tag="245" ind1="1" ind2="2">
    <subfield code="a">A study in highway economics :</subfield>
    <subfield code="c">being the Harvard Phi beta kappa prize essay for 1934, by Wilfred Owen /</subfield>
    <subfield code="b">Wilfred Owen</subfield>
  </datafield>
  <datafield tag="260" ind1=" " ind2=" ">
    <subfield code="a">Cambridge,</subfield>
    <subfield code="b">The Society,</subfield>
    <subfield code="c">1934.</subfield>
  </datafield>
  <datafield tag="300" ind1=" " ind2=" ">
    <subfield code="a">xi, 109 p. :</subfield>
    <subfield code="b">ill ;</subfield>
    <subfield code="c">18 cm.</subfield>
  </datafield>
  <datafield tag="500" ind1=" " ind2=" ">
    <subfield code="a">The Harvard chapter of the Phi beta kappa society voted in 1933 to publish every year an essay chosen from among the best distinction theses in each department and from the essays submitted for the Bowdoin prizes. Mr. Owen's is the first essay to be so chosen. cf. p. vii.</subfield>
  </datafield>
  <datafield tag="504" ind1=" " ind2=" ">
    <subfield code="a">Bibliography: p. 105-109.</subfield>
  </datafield>
  <datafield tag="650" ind1=" " ind2="0">
    <subfield code="a">Roads</subfield>
    <subfield code="x">Finance.</subfield>
    <subfield code="9">130730</subfield>
  </datafield>
  <datafield tag="650" ind1=" " ind2="0">
    <subfield code="a">Roads</subfield>
    <subfield code="z">United States.</subfield>
    <subfield code="9">130731</subfield>
  </datafield>
  <datafield tag="650" ind1=" " ind2="0">
    <subfield code="a">Automobiles</subfield>
    <subfield code="x">Taxation.</subfield>
    <subfield code="9">130732</subfield>
  </datafield>
  <datafield tag="650" ind1=" " ind2="0">
    <subfield code="a">Gasoline</subfield>
    <subfield code="x">Taxation.</subfield>
    <subfield code="9">130733</subfield>
  </datafield>
  <datafield tag="710" ind1="2" ind2=" ">
    <subfield code="a">Phi Beta Kappa.</subfield>
    <subfield code="b">Massachusetts Alpha (Harvard University)</subfield>
    <subfield code="9">130734</subfield>
  </datafield>
  <datafield tag="942" ind1=" " ind2=" ">
    <subfield code="2">ddc</subfield>
    <subfield code="c">BK</subfield>
  </datafield>
  <datafield tag="999" ind1=" " ind2=" ">
    <subfield code="c">42505</subfield>
    <subfield code="d">42505</subfield>
  </datafield>
  <datafield tag="952" ind1=" " ind2=" ">
    <subfield code="0">0</subfield>
    <subfield code="1">0</subfield>
    <subfield code="2">ddc</subfield>
    <subfield code="4">0</subfield>
    <subfield code="7">0</subfield>
    <subfield code="8">NFIC</subfield>
    <subfield code="a">RUCL</subfield>
    <subfield code="b">RUCL</subfield>
    <subfield code="c">Stack</subfield>
    <subfield code="d">1955-06-16</subfield>
    <subfield code="e">Alies Book Cor.</subfield>
    <subfield code="g">70.00</subfield>
    <subfield code="l">0</subfield>
    <subfield code="o">625.7 OWS 1934</subfield>
    <subfield code="r">2016-06-13 00:00:00</subfield>
    <subfield code="t">C-2</subfield>
    <subfield code="w">2016-06-13</subfield>
    <subfield code="y">BK</subfield>
  </datafield>
</record>
